|
|
|
|
| LEADER |
00000cam a2200000 i 4500 |
| 001 |
1/82684 |
| 008 |
990525s gre d |
| 035 |
|
|
|l 10051148
|
| 040 |
|
|
|a GR-MY-UA
|b gre
|e aacr
|
| 041 |
0 |
|
|a gre
|
| 082 |
0 |
|
|a 623.8171
|
| 100 |
1 |
|
|a Λεοντόπουλος, Ανδρέας Λ.
|
| 245 |
1 |
0 |
|a Πρακτικές εφαρμογές ευστάθειας πλοίων /
|c Ανδρέας Λ. Λεοντόπουλος
|
| 260 |
|
|
|a Πειραιάς :
|b [χ.ε.],
|c [χ.χ.]
|
| 300 |
|
|
|a (τ.1: xv, 496 σ.)
|
| 650 |
0 |
0 |
|a Stability of ships.
|
| 852 |
|
|
|a INST
|b CHIOS
|e 19990525
|h 623.8171 ΛΕΟ
|p 005200014313
|q 005200014313
|t BK
|y 0
|
| 852 |
|
|
|a INST
|b CHIOS
|e 20000328
|h 623.8171 ΛΕΟ
|p 005200018073
|q 005200018073
|t BK
|y 0
|
| 901 |
|
|
|a BIBL2-1999-2
|
| 901 |
|
|
|a BIBL2-2000-1
|
| 909 |
|
|
|a Χ
|b 048483
|
| 909 |
|
|
|a Χ
|b 075770
|
| 922 |
|
|
|a 2ΔΩΡ
|b 199905
|c ΠΕΤΡΟΓΓΟΝΑΣ
|